000 00323nam a22001337a 4500
020 _a978-93-85175-26-8
082 _a425
_bH & C/I
100 _aH & C PUBLISHING
245 _aLET US GUIDE IN CURSIVE WRITING
260 _aTRICHUR
_bH & C PUBLISHING HOUSE
300 _a32
650 _aENGLISH CURSIVE
_zKERALA
942 _cBK
999 _c2280
_d2280